| 000 | 00318nam a22001217a 4500 | ||
|---|---|---|---|
| 082 |
_a297 _bNomani _cMasjid |
||
| 100 |
_aAllama Shibli Nomani _951175 |
||
| 245 | _aAl Ghazali الغزالی | ||
| 260 |
_aLahore _bIslami Kutab Khana |
||
| 300 | _a248 | ||
| 526 |
_a0 _b0 _c0 _d297_000000000000000_NOMANI |
||
| 942 |
_2ddc _cBK |
||
| 999 |
_c553936 _d553936 |
||